MARC details
| 000 -LEADER |
| fixed length control field |
03437cam a2200505 i 4500 |
| 001 - CONTROL NUMBER |
| control field |
data |
| 005 - DATE AND TIME OF LATEST TRANSACTION |
| control field |
20260322212123.0 |
| 008 - FIXED-LENGTH DATA ELEMENTS--GENERAL INFORMATION |
| fixed length control field |
data |
| 035 ## - SYSTEM CONTROL NUMBER |
| System control number |
18993641 |
| 010 ## - LIBRARY OF CONGRESS CONTROL NUMBER |
| LC control number |
2015509358 |
| 020 ## - INTERNATIONAL STANDARD BOOK NUMBER |
| International Standard Book Number |
9781619255395 |
| 020 ## - INTERNATIONAL STANDARD BOOK NUMBER |
| International Standard Book Number |
1619255391 |
| 035 ## - SYSTEM CONTROL NUMBER |
| System control number |
(OCoLC)897845420 |
| 040 ## - CATALOGING SOURCE |
| Original cataloging agency |
DON |
| Language of cataloging |
eng |
| Transcribing agency |
DON |
| Description conventions |
rda |
| Modifying agency |
DLC |
| -- |
YDXCP |
| -- |
BTCTA |
| -- |
OCLCQ |
| -- |
CUI |
| -- |
SGB |
| -- |
DLC |
| 042 ## - AUTHENTICATION CODE |
| Authentication code |
lccopycat |
| 050 00 - LIBRARY OF CONGRESS CALL NUMBER |
| Classification number |
GE55 |
| Item number |
.C66 2014 |
| 082 04 - DEWEY DECIMAL CLASSIFICATION NUMBER |
| Classification number |
333.720922 |
| Edition information |
23 |
| 245 00 - TITLE STATEMENT |
| Title |
Contemporary biographies in environment & conservation. |
| 246 3# - VARYING FORM OF TITLE |
| Title proper/short title |
Contemporary biographies in environment and conservation |
| 264 #1 - PRODUCTION, PUBLICATION, DISTRIBUTION, MANUFACTURE, AND COPYRIGHT NOTICE |
| Place of production, publication, distribution, manufacture |
Amenia, NY : |
| Name of producer, publisher, distributor, manufacturer |
Grey House Publishing, |
| Place of production, publication, distribution, manufacture |
Amenia, NY : |
| Name of producer, publisher, distributor, manufacturer |
Grey House Publishing, |
| Date of production, publication, distribution, manufacture, or copyright notice |
[2014] |
| 264 #4 - PRODUCTION, PUBLICATION, DISTRIBUTION, MANUFACTURE, AND COPYRIGHT NOTICE |
| Date of production, publication, distribution, manufacture, or copyright notice |
©2014 |
| 300 ## - PHYSICAL DESCRIPTION |
| Extent |
ix, 201 pages : |
| Other physical details |
illustrations ; |
| Dimensions |
27 cm |
| 336 ## - CONTENT TYPE |
| Content type term |
text |
| Content type code |
txt |
| Source |
rdacontent |
| 337 ## - MEDIA TYPE |
| Media type term |
unmediated |
| Media type code |
n |
| Source |
rdamedia |
| 338 ## - CARRIER TYPE |
| Carrier type term |
volume |
| Carrier type code |
nc |
| Source |
rdacarrier |
| 500 ## - GENERAL NOTE |
| General note |
Edition statement supplied by publisher. |
| 500 ## - GENERAL NOTE |
| General note |
Companion to book titled: Careers in environment & conservation. |
| 500 ## - GENERAL NOTE |
| General note |
Part of a series that is supplemental to the Salem Press series: Careers in-- |
| 500 ## - GENERAL NOTE |
| General note |
Contents extracted from the monthly magazine: Current biography. |
| 504 ## - BIBLIOGRAPHY, ETC. NOTE |
| Bibliography, etc. note |
Includes bibliographical references and index. |
| 505 0# - FORMATTED CONTENTS NOTE |
| Formatted contents note |
Publisher's Note -- Contributor's List -- Balog, James -- Barlow, Maude -- Berenbaum, May R-- Bermen, Tzeporah -- Brown, Lester Russell --Dawes-Gromadzki, Tracy -- Earle, Sylvia A -- Ewango, Corneille -- Fay, J Michael -- Fowler, Cary -- Hauge, Frederic -- Hayes, Denis -- Jahren, A -- Hope -- Knoll, Andrew H -- Krupp, Frederic D -- McKibben, Bill -- Mittermeier, Russell A -- Moss, Cynthia -- Nabhan, Gary Paul -- Naidoo, Kumi -- Newsom, Lee A -- Novacek, Michael, J -- Rahmstorf, Stefan -- Schaller, George B -- Shapiro, Beth -- Shiva, Vandana -- Suzuki, David T -- Tewolde, Berhan Gebre Egziabher -- Thompson, Lonnie -- Wang, Canfa -- Appendixes. Historical Biographies. Charles William Beebe -- David Brower -- Rachel Carson -- Barry Commoner -- Jacques Yves-Cousteau -- Marjory Stoneman Douglas -- Aldo Leopold -- Wangari Maathi -- Roger Revelle -- Gilbert Fowler White -- Bibliography -- Selected Works -- Profession Index |
| 520 ## - SUMMARY, ETC. |
| Summary, etc. |
Contemporary Biographies in Environment & Conservation is a collection of biographies of "living leaders" in the field of environment and conservation. A collection of biographies of notable figures in environmental science and conservation, this resource provides insight into the career paths and impact of these important figures...An amazing collection of living leaders in the field, this resource will provide important insight from a wide array of mentors for students and researchers considering a career in the environmental sciences. - Publisher |
| 650 #0 - SUBJECT ADDED ENTRY--TOPICAL TERM |
| Topical term or geographic name entry element |
Environmentalists |
| Form subdivision |
Biography. |
| 650 #0 - SUBJECT ADDED ENTRY--TOPICAL TERM |
| Topical term or geographic name entry element |
Naturalists |
| Form subdivision |
Biography. |
| 655 #0 - INDEX TERM--GENRE/FORM |
| Genre/form data or focus term |
Biography. |
| 655 #7 - INDEX TERM--GENRE/FORM |
| Genre/form data or focus term |
Biographies. |
| Source of term |
lcgft |
| Authority record control number or standard number |
https://id.loc.gov/authorities/genreForms/gf2014026049 |
| 730 0# - ADDED ENTRY--UNIFORM TITLE |
| Uniform title |
Careers in environment & conservation. |
| Relationship information |
Companion to (work) |
| 730 0# - ADDED ENTRY--UNIFORM TITLE |
| Uniform title |
Careers in-- |
| Relationship information |
Subseries of |
| 730 0# - ADDED ENTRY--UNIFORM TITLE |
| Uniform title |
Current biography. |
| Relationship information |
Extracted from (work) |
| 906 ## - LOCAL DATA ELEMENT F, LDF (RLIN) |
| a |
7 |
| b |
cbc |
| c |
copycat |
| d |
2 |
| e |
epcn |
| f |
20 |
| g |
y-gencatlg |
| 925 0# - |
| -- |
acquire |
| -- |
2 shelf copies |
| -- |
policy default |
| 991 ## - |
| -- |
r-SciRR |
| -- |
GE55 |
| -- |
.C66 2014 |
| -- |
Copy 1 |